000 00650nam a22002297a 4500
003 UA-OsUOA
001 51574
007 ta
008 20140915b un ||||| |||| 00| 0 ukr d
090 _a030
_bА87
942 _cBK
040 _aUA-OsUOA
_brus
_cUA-OsUOA
_dUA-OsUOA
245 _aАрхівні установи України
_bДовідник
300 _a257 с.
955 _a4
041 _arus
080 _a030
260 _aК.
_c2000
650 7 _a030 Загальні довідкові праці
_2UDC
999 _c431699
_d431699